Normal view
MARC view
Entry Personal Name
001 - CONTROL NUMBER
- control field: 10822
003 - CONTROL NUMBER IDENTIFIER
- control field: OSt
005 - DATE AND TIME OF LATEST TRANSACTION
- control field: 20190917071545.0
008 - FIXED-LENGTH DATA ELEMENTS
- fixed length control field: 190917|| aca||aabn | a|a d
040 ## - CATALOGING SOURCE
- Original cataloging agency: OSt
- Transcribing agency: OSt
100 ## - HEADING--PERSONAL NAME
- Personal name: Sivaraman, Vasant
670 ## - SOURCE DATA FOUND
- Source citation: Work cat.: (OSt): Sivaraman, Vasant, Security management at the National Institute of Management: to outsource or insource?: Cases (A) and (B)
